000 01080nam a2200349 4500
001 29691
003 BD-RjUL
005 20211209051439.0
008 140406s1972 enka b 001 0 eng d
020 _a0416674607
035 _a(BD-RjUL)29776
035 _a552156
040 _aLC
_beng
_cLC
_dLC
_dBD-RjUL
041 _aeng
082 0 _a150.724
082 0 4 _a150.724
_bWOO 1972
245 1 0 _aWoodworth & Schlosberg's Experimental psychology /
_cWoodworth [Et ...All]
246 3 _aExperimental psychology
250 _a3d ed.
260 _aLondon :
_bMethuen,
_cc.1971[1972].
300 _axv, 1279 p. :
_bill. ;
_c26 cm.
504 _aBibliography: p. 1133-1232. and Index
650 0 _aPsychology, Experimental.
_990424
700 1 _aSchlosberg, Harold,
_d1904-1964,
_ejoint author.
_990425
700 1 _aWoodworth, Robert S.
_986603
700 1 _aKling, J. W.
_q(Julius William),
_d1922-
_990426
700 1 _aRiggs, Lorrin Andrews,
_d1912-
_990427
942 _2ddc
_cBK
_02
999 _c29691
_d29691